|
|
|
|
| LEADER |
01417nam a22003974a 4500 |
| 001 |
EBC242277 |
| 003 |
MiAaPQ |
| 005 |
20200520144314.0 |
| 006 |
m o d | |
| 007 |
cr cn||||||||| |
| 008 |
040818s2005 enk sb 001 0 eng |
| 010 |
|
|
|z 2004019524
|
| 020 |
|
|
|z 0415364191 (hbk)
|
| 020 |
|
|
|z 0415364981 (pbk.)
|
| 035 |
|
|
|a (MiAaPQ)EBC242277
|
| 035 |
|
|
|a (Au-PeEL)EBL242277
|
| 035 |
|
|
|a (CaPaEBR)ebr10162157
|
| 035 |
|
|
|a (CaONFJC)MIL16785
|
| 035 |
|
|
|a (OCoLC)814264067
|
| 040 |
|
|
|a MiAaPQ
|c MiAaPQ
|d MiAaPQ
|
| 043 |
|
|
|a a-ja---
|
| 050 |
|
4 |
|a JQ1631
|b .C66 2005
|
| 082 |
0 |
4 |
|a 320.952
|2 22
|
| 245 |
0 |
0 |
|a Contested governance in Japan
|h [electronic resource] :
|b sites and issues /
|c edited by Glenn D. Hook.
|
| 260 |
|
|
|a London ;
|a New York, NY :
|b RoutledgeCurzon,
|c 2005.
|
| 300 |
|
|
|a xxiv, 263 p.
|
| 504 |
|
|
|a Includes bibliographical references and index.
|
| 533 |
|
|
|a Electronic reproduction. Ann Arbor, MI : ProQuest, 2015. Available via World Wide Web. Access may be limited to ProQuest affiliated libraries.
|
| 650 |
|
0 |
|a Globalization.
|
| 651 |
|
0 |
|a Japan
|x Politics and government
|y 1989-
|
| 651 |
|
0 |
|a Japan
|x Foreign relations
|y 1989-
|
| 651 |
|
0 |
|a Japan
|x Economic policy
|y 1989-
|
| 655 |
|
4 |
|a Electronic books.
|
| 700 |
1 |
|
|a Hook, Glenn D.
|
| 710 |
2 |
|
|a ProQuest (Firm)
|
| 856 |
4 |
0 |
|u https://ebookcentral.proquest.com/lib/matrademy/detail.action?docID=242277
|z Click to View
|